000 00748nam a2200217Ii 4500
003 JO-AjNU
008 230605s9999||||xx |||||||||||||| ||und||
020 _a978-1-56564-464-9
040 _aJO-AjNU
_bara
_erda
_cJO-AjNU
041 _aara
050 1 4 _aBP442 2011
100 3 _aكمالي، محمد هاشم ؛ ترجمة عبد اللطيف الخياط,
_eauthor
_952417
245 0 0 _aالدليل المبسط في مقاصد الشريعة
250 _aط1
264 3 1 _aلندن: المعهد العالمي للفكر الاسلامي، 2011
300 _a48ص
336 _atext
_btxt
_2rdacontent
337 _aunmediated
_bn
_2rdamedia
338 _avolume
_bnc
_2rdacarrier
650 4 _aالشريعة الاسلامية
_952418
999 _aA23218
_c26786
_d26786